000 00505nam a2200181Ia 4500
005 20250508160158.0
008 008 250505s9999 xx 000 0 eng d
037 _aTextual
040 _aFEDL
_beng
_cFEDL
041 _aeng
_2eng
084 _a371.26, AAR
_qFEDL
100 _aAaron P G
_9768056
245 0 _aTal instrument to measure n achievement of high school boys in south India
260 _c1969
300 _a24p.
942 _cTEXL
_h371.26, AAR
999 _c1362453
_d1362453